[Event "Madrid San Viator op 23rd"]
[Site "Madrid"]
[Date "2014.11.23"]
[Round "9"]
[White "Romero, Martin"]
[Black "Lopez Ramirez, Rafael"]
[Result "1-0"]
[WhiteElo "1422"]
[BlackElo "1780"]
[PlyCount "81"]
[EventDate "2014.09.28"]
[EventType "swiss"]
[EventRounds "9"]
[EventCountry "ESP"]
[SourceTitle "EXT 2016"]
[Source "ChessBase"]
[SourceDate "2015.10.08"]
[SourceVersion "1"]
[SourceVersionDate "2015.10.08"]
[SourceQuality "1"]

1. e4 e6 2. d4 d5 3. e5 c5 4. c3 Qb6 5. Nf3 Nc6 6. Bd3 cxd4 7. cxd4 Bd7 8. Nc3 Nxd4 9. Nxd4 Qxd4 10. 0-0 Qb6 11. Qe2 a6 12. Kh1 Ne7 13. f4 g6 14. a4 Bg7 15. g4 Bc6 16. f5 d4+ 17. Be4 dxc3 18. f6 Bf8 19. fxe7 Bxe7 20. bxc3 Bxe4+ 21. Qxe4 Qc6 22. Qxc6+ bxc6 23. Bh6 Bf8 24. Bg5 Bg7 25. Bf6 0-0 26. Be7 Rfe8 27. Bd6 Bf8 28. g5 Bxd6 29. exd6 Red8 30. Rfd1 Ra7 31. c4 c5 32. Rab1 Kf8 33. Rb6 a5 34. Kg2 Ke8 35. Kf3 Kd7 36. Ke4 Rc8 37. Ke5 Rc6 38. Rdb1 Rc8 39. Rb7+ Rxb7 40. Rxb7+ Ke8 41. d7+ 1-0